000
00284nam a22001337a 4500
008
170531b xxu||||| |||| 00| 0 eng d
020
_a
9780520236936
041
_a
eng
080
_2
3RD
_a
93
100
_a
17
101
_a
SHH
245
_a
EVOLUTION
_c
BOWLER, P.J
942
_2
udc
_c
BK
999
_c
15123
_d
15123